000 00246nam a22001217a 4500
003 SGT
082 _a615.1
_bG09R
100 _aROBSON, PHILIP
245 _aFORBIDDEN DRUGS
260 _aINDIA
_bOXFORD
_c2009
300 _a260
942 _2ddc
_cBK
999 _c14913
_d14913